Summa theologiae (Record no. 35150)
[ view plain ]
| 000 -LEADER | |
|---|---|
| fixed length control field | 00487nam a2200217Ia 4500 |
| 003 - CONTROL NUMBER IDENTIFIER | |
| control field | 0100 |
| 008 - FIXED-LENGTH DATA ELEMENTS--GENERAL INFORMATION | |
| fixed length control field | 130303s9999 xx 000 0 und d |
| 040 ## - CATALOGING SOURCE | |
| Transcribing agency | ARRUPELIB |
| 050 ## - LIBRARY OF CONGRESS CALL NUMBER | |
| Classification number | B765.T531 1969 |
| 300 ## - PHYSICAL DESCRIPTION | |
| Other physical details | 18cm. |
| 100 ## - MAIN ENTRY--PERSONAL NAME | |
| Personal name | St. Thomas Aquinas |
| 245 ## - TITLE STATEMENT | |
| Title | Summa theologiae |
| 245 ## - TITLE STATEMENT | |
| Remainder of title | the existence of God |
| 260 ## - PUBLICATION, DISTRIBUTION, ETC. (IMPRINT) | |
| Place of publication, distribution, etc | New York |
| 260 ## - PUBLICATION, DISTRIBUTION, ETC. (IMPRINT) | |
| Name of publisher, distributor, etc | Image Books |
| 260 ## - PUBLICATION, DISTRIBUTION, ETC. (IMPRINT) | |
| -- | 1969 |
| 300 ## - PHYSICAL DESCRIPTION | |
| Extent | 2v. |
| 650 ## - SUBJECT ADDED ENTRY--TOPICAL TERM | |
| Topical term or geographic name as entry element | PHILOSOPHY |
| 700 ## - ADDED ENTRY--PERSONAL NAME | |
| Personal name | Gilby, Thomas (ed) |
| 942 00 - ADDED ENTRY ELEMENTS (KOHA) | |
| Koha issues (borrowed), all copies | 1 |
| Withdrawn status | Lost status | Source of classification or shelving scheme | Damaged status | Not for loan | Collection code | Home library | Current library | Shelving location | Date acquired | Total Checkouts | Full call number | Barcode | Date last seen | Date checked out | Copy number | Price effective from | Koha item type |
|---|---|---|---|---|---|---|---|---|---|---|---|---|---|---|---|---|---|
| Library of Congress Classification | Main Collection | ARRUPE LIBRARY | ARRUPE LIBRARY | Main Collection | 04/03/2013 | 2 | B765.T531 S8 1969 | 46003024666 | 20/05/2022 | 13/04/2022 | 1 | 04/03/2013 | Monograph ( Printed materials) | ||||
| Library of Congress Classification | Main Collection | ARRUPE LIBRARY | ARRUPE LIBRARY | Main Collection | 04/03/2013 | 1 | B765.T531 S8 1969 | 46003024779 | 27/04/2022 | 13/04/2022 | 2 | 04/03/2013 | Monograph ( Printed materials) | ||||
| Library of Congress Classification | Main Collection | ARRUPE LIBRARY | ARRUPE LIBRARY | Main Collection | 04/03/2013 | 2 | B765.T531 S8 1969 | 46003024740 | 29/03/2023 | 22/03/2023 | 3 | 04/03/2013 | Monograph ( Printed materials) | ||||
| Library of Congress Classification | Main Collection | ARRUPE LIBRARY | ARRUPE LIBRARY | Main Collection | 04/03/2013 | 1 | B765.T531 S8 1969 | 46003071320 | 08/11/2017 | 03/11/2017 | 4 | 04/03/2013 | Monograph ( Printed materials) |